000 01063cam a22003617a 4500
003 CHAP
005 20220817042706.0
008 971013s1995 r 00010 d
010 _a52401
011 _a53373
035 _a57523
040 _cCHAP
082 _a630
_bF3 v.118
110 _aFAO
245 0 _aPollination of cultivated plants in the tropics
260 _aRome :
_bFAO,
_c1995
300 _a196 p.
_b: ilus.
410 _aFAO
490 0 _aFAO. Servicios agrícolas
_v; 118
590 _aBATCH-UPD
_b10
_c20130110
_lUCH01
_h1627
590 _aBATCH-UPD
_b10
_c20130410
_lUCH01
_h1020
590 _aBATCH-UPD
_b10
_c20130914
_lUCH01
_h1343
590 _aCONVERSION
_b10
_c20130109
_lUCH01
_h1328
650 1 4 _aPlantas cultivadas.
_988921
650 1 4 _aPlantas tropicales.
_989088
650 1 4 _aPolinización.
_990237
700 0 _aRoubik, David W.
_9100301
810 0 _aFAO
830 0 0 _aFAO. Servicios agrícolas
_v; 118
_939697
901 _aBK
942 _cLIBRO
949 _a630 F3 v.118
_bBC
_cFAO
_d33724000396511
_eFAO1
_h89741
_i57523
_si
999 _c52401
_d52401